Krajiny Najbližšie k Slovensku - Statistics

General Stats
  • This quiz has been taken 33 times
  • The average score is 15 of 20
Answer Stats
km krajina % Correct
0 Česko
96%
0 Rakúsko
96%
0 Maďarsko
93%
0 Poľsko
93%
539 Rusko
93%
0 Ukrajina
93%
71 Rumunsko
89%
224 Nemecko
81%
142 Slovinsko
81%
168 Chorvátsko
78%
189 Srbsko
78%
497 Bulharsko
74%
304 Taliansko
74%
282 Bosna a Hercegovina
70%
502 Švajčiarsko
67%
321 Moldavsko
63%
517 Litva
59%
527 Kosovo
56%
267 Bielorusko
52%
468 Čierna Hora
52%
No matching quizzes found
Score Distribution
Percent of People with Each Score
Percentile by Number Answered
Your Score History
You have not taken this quiz